000 00912nam a2200229Ia 4500
999 _c34507
_d34507
001 257
003 GE_BSU
005 20230207110139.0
008 181216s2004||||ge |||||||||||||| ||geo||
020 _a9992832681
040 _cGE_BSU
041 _ageo
080 _a342(479.22)(075.8) მ–59
100 _aმეტრეველი, ვალერიან
_97646
245 _aქართული სამართლის ისტორია /
_cვალერიან მეტრეველი; [რედ.: ნ. სურგულაძე].
264 _aთბილისი :
_bმერიდიანი,
_c 2004.
300 _a444 გვ.;
_b20 სმ.
504 _aბიბლიოგრ. ტექსტ. შენიშვნ.
653 _aსამართალი
653 _aქართული სამართლის ისტორია
942 _cBK
_2udc